zpět

Detail výsledku týmu

U Gregorů, Nymburk

Datum a čas kvízu

34 Celkem bodů Celkový počet nahraných bodů na tomto kvízu bez doplňovacích otázek.
3. Pořadí na kvízu Konečné umístění týmu na tomto kvízu.

Zaznamenané odpovědi

# Otázka Odpověď Body Výsledky
1. Prezidentská kancelář zveřejni... špatná akustika 0
2. V noci ze středy na čtvrtek do... Moulin Rouge 1
3. Fanoušci seriálu Simpsonovi sm... Larry 0
4. Minulý týden jsme se dozvěděli... Datart 0
5. V pondělí padl unikátní rekord... USK 1
6. Sugo all'amatriciana patří mez... guanciale; pecorino 0.5
7. Napište zakrytou značku zobraz... Kikkoman 1
8. Když se řekne omáčka, určitě s... 15 0
9. Město Worcester dalo jméno jed... C; čertovo lejno 0
10. Jak se označuje tato jednoduch... velouté 1